Cây dứa và kỹ thuật trồng

Gespeichert in:
Bibliographische Detailangaben
1. Verfasser: Đường Hồng Dật
Format: Buch
Sprache:Undetermined
Veröffentlicht: H. LĐXH 2003
Schlagworte:
Tags: Tag hinzufügen
Keine Tags, Fügen Sie den ersten Tag hinzu!
Thư viện lưu trữ: Trung tâm Học liệu Trường Đại học Cần Thơ
LEADER 00524nam a2200193Ia 4500
001 CTU_58621
008 210402s9999 xx 000 0 und d
020 |b 9000 
082 |a 634.7 
082 |b D124 
100 |a Đường Hồng Dật 
245 0 |a Cây dứa và kỹ thuật trồng 
245 0 |c Đường Hồng Dật 
260 |a H. 
260 |b LĐXH 
260 |c 2003 
650 |a tropical fruit,pineapple 
904 |i Minh 
980 |a Trung tâm Học liệu Trường Đại học Cần Thơ